000 00784nam a2200265Ia 4500
003 OSt
005 20221005033656.0
006 a|||||r|||| 00| 0
007 ta
008 221004b |||||||| |||| 00| 0 san d
020 _c350
024 _a13788
037 _b380, 20/03/2014, Eastern Book Linkers
_cTextual
040 _aCRL
_cCRL
_bsan
041 _2san
_asan
082 _aO15,2D40,1, Q2
100 _aKalidasa
245 0 _aAbhijnanasakuntala
260 _aDelhi
_bChaukhamba Sanskrit Pratishthan India
_c2012
300 _a272p.
_ccm.
490 _aVrajajivan prachyabharati granthamala; 158
650 _aSANSKRIT LITERATURE
942 _hO15,2D40,1, Q2
_cTEXL
_2cc
999 _c941891
_d941891